Most Corrupt Countries in Europe - Statistics

General Stats
  • This quiz has been taken 239 times
    173 since last reset
  • The average score is 13 of 15
Answer Stats
Rank CPI Answer % Correct
1 30 Russia
99%
2 33 Ukraine
97%
8 38 Serbia
94%
4 35 Bosnia and Herzegovina
92%
9 44 Romania
91%
13 47 Belarus
90%
6 36 Kosovo
90%
6 36 Albania
89%
9 44 Bulgaria
89%
3 34 Moldova
88%
13 47 Croatia
86%
4 35 North Macedonia
83%
12 45 Montenegro
82%
9 44 Hungary
81%
15 49 Slovakia
80%
No matching quizzes found
Score Distribution
Percent of People with Each Score
Percentile by Number Answered
Your Score History
You have not taken this quiz since the last reset